000 00988cam a22002775a 4500
005 20260322212005.0
008 data
010 _a 2008270902
020 _a9780143112358 (pbk.)
040 _aDLC
_cDLC
_dDLC
043 _an-us---
050 0 0 _aTL789.8.U6
_bA5244 2007
082 0 0 _a629.45/40973
_222
092 _a629.45 Cha 2007
100 1 _aChaikin, Andrew,
_d1956-
245 1 2 _aA man on the moon :
_bthe voyages of the Apollo astronauts /
_cAndrew Chaikin.
260 _aNew York, N.Y. :
_bPenguin Books,
_cc2007.
300 _axv, 685 p. :
_bill. ;
_c21 cm.
610 2 0 _aProject Apollo (U.S.)
_xHistory.
650 0 _aSpace flight to the moon
_xHistory.
856 4 1 _3Table of contents
_uhttp://www.loc.gov/catdir/toc/fy0803/2008270902.html
906 _a7
_bcbc
_corigcop
_d2
_encip
_f20
_gy-gencatlg
925 0 _aacquire
_b1 shelf copy
_xpolicy default
001 data
999 _c66
_d66